01193 a2200193 45000010006000000050017000060080041000230030015000640400040000790800022001192450062001410200018002032500012002212640051002333000020002845050672003040410008009761000015009845023120260407155802.0260407a1964 arg spa dAR-UNSa-BCEJYS aAR-UNSa-BCEJYSbspacAR-UNSa-BCEJYS a316xSociología10aEconomía y sociedadpesbozo de sociología comprensiva a968-16-0285-4 a2a. ed. 1aMéxico :bFondo de Cultura Económicac1964 a1237 p.c24 cm. aPRIMERA PARTE: TEORÍA DE LAS CATEGORÍAS SOCIOLÓGICAS: 1. Conceptos sociológicos fundamentales - 2. Las categorías sociológicas fundamentales de la vida económica - 3. Los tipos de dominación - 4. Estamentos y clases -- SEGUNDA PARTE: LA ECONOMÍA Y LOS ÓRDENES Y PODERES SOCIALES: 1. La economía y los diversos órdenes - 2. Economía y sociedad en general - 3. Tipos de comunidad y sociedad - 4. Comunidades éticas - 5. Sociología de la comunidad religiosa (Sociología de la religión) - 6. Mercado (incompleto) - 7. Economía y derecho (Sociología del derecho) - 8. Las comunidades políticas - 9. Sociología de la dominación. aspa1 aWeber, Max